| 000 | 00673cam a2200229 4500 | ||
|---|---|---|---|
| 001 | B2589 | ||
| 008 | 090401t1989 xxu||||| |||| 00| 0 eng d | ||
| 035 | _a(Sirsi) u51037 | ||
| 041 | _aeng | ||
| 050 | _a333.332 | ||
| 100 | _aColborne, A. | ||
| 245 | 4 | _aThe profits method of valuation : interim report and discussion paper | |
| 260 |
_aBristol _bBristol Polytechnic Department of Survey _c1989 |
||
| 300 | _ai,50p. ; 30cm. | ||
| 350 | _a8.95 | ||
| 520 | _aShelf 317 - Research supported by the Royal Institution of Charteredd Surveyors. | ||
| 650 | _aPROFITS METHOD | ||
| 650 | _aVALUATION METHODS | ||
| 700 | _aMawby, L. | ||
| 942 | _n0 | ||
| 948 | _c04/03/1997 | ||
| 999 |
_c92802 _d92802 |
||